000 02144nam0a2200349 i 4500
001 RU\NLR\BIBL_A\010530650
005 20260405112542.0
010 _a9785446813124
_91200
021 _aRU
_b2014-68142
_94175
035 _a(NLR Aleph) 010530650
090 _a10255624
_c10255624
100 _a20141114d2014 u y0rusy50 ca
101 0 _arus
102 _aRU
105 _ay|||j|||000yy
200 1 _aМатериаловедение
_iОтделочные работы
_eучебник для использования в учебном процессе образовательных учреждений, реализующих программы начального профессионального образования по профессии 270802.10 "Мастер отделочных строительных работ"
_f[Смирнов Владимир Александрович, Ефимов Борис Александрович, Кульков Олег Валентинович и др.]
205 _a4-е изд., стер.
210 _aМосква
_cАкадемия
_d2014
215 _a365, [1] c.
_cил.
_d22
225 1 _aПрофессиональное образование
_iМастер отделочных строительных работ
225 1 _aУчебник
300 _aАвт. указаны на обороте тит. л.
320 _aБиблиогр.: с. 364 (18 назв.)
606 _aОтделочные материалы
_jУчебники для начального профессионального образования
_9888728
_3RU\NLR\AUTH\66321084
686 1 _aН308я722-1
701 1 _8rus
_7ca
_aСмирнов
_bВ. А.
_cканд. техн. наук, материаловедение
_gВладимир Александрович
_3RU\NLR\AUTH\7735288
_918286
701 1 _7ca
_8rus
_aЕфимов
_bБ. А.
_cканд. техн. наук
_gБорис Александрович
_3RU\NLR\AUTH\7743380
_926323
701 1 _aКульков
_bО. В.
_gОлег Валентинович
942 _cBOOK
980 _aNBR